00913nam a2200217 a 450000100100000000500170001000800410002702000150006804000250008308200190010810000630012724500420019026000570023230000290028950000630031865000300038165000320041195201170044395201180056099900170067800002504520200930023529.0110209s1998 ck r 000 p spa d a9583600539 aDO-SdBNPbspacBNPHU aCo861.44bQ52c1 aQuessep, GiovanniqGiovanni Quessep Esguerrad1939-91440710aCarta imaginaria /cGiovanni Quessep. aBogotá, (Colombia) :bEl Áncora Editores,c1998. a54 p. ; 21 cm. ;c21 cm. aLibro reseñado en : Boletín cultural y bibliográfico 4aPoesía colombiana93742 4aLiteratura colombiana91244 001050718MOaGRbGRcHDd2011-02-09iLF1l0oCo861.44 Q52cp25045-10r2020-06-25w2020-06-25y1ZNo se presta 0010507-18MOaGRbGRcOId2017-05-29iLF1l0oCo861.44 Q52cp25045-20r2020-06-25w2020-06-25y1ZNo se presta c24538d24538